[Event "Goldmoney Asian Rapid Prelims 2021"]
[Site "Chess24"]
[Date "2021.06.24"]
[Round "14.7"]
[White "Firouzja, Alireza"]
[Black "Svidler, Peter"]
[Result "1-0"]
[WhiteElo "2759"]
[BlackElo "2714"]
[Annotator "TA"]
[PlyCount "91"]
[EventDate "2021.06.26"]
[EventType "tourn"]
[EventCountry "NET"]
[Tiebreak "Koya+Number of black wins+Number of wins"]
[SourceTitle "playchess.com"]
[Source "ChessBase"]
[SourceQuality "1"]

{[%evp 12,91,16,22,29,40,31,20,34,28,29,23,33,42,35,20,26,12,14,18,45,-33,12,0,
0,0,0,0,36,0,0,0,0,0,0,0,0,0,0,5,43,44,60,55,54,37,75,73,70,74,62,62,72,71,61,
26,30,0,0,0,0,0,0,0,0,0,0,0,0,0,0,0,0,0,0,0,1124,1090,985,932,1704,1472]} 1.
Nf3 c5 2. e4 d6 3. d4 cxd4 4. Nxd4 Nf6 5. Nc3 a6 6. h3 e6 7. g4 Be7 {B81:
Sicilian Scheveningen: Keres Attack.} 8. g5 Nfd7 9. Bg2 Nc6 {The position is
equal.} 10. h4 O-O 11. b3 Qb6 12. Nxc6 bxc6 13. Na4 Qc7 14. Bb2 e5 15. Qd2 {[#]
} f6 $146 ({Predecessor:} 15... Nb6 16. Nxb6 Qxb6 17. O-O-O f6 18. g6 hxg6 19.
f4 Bg4 20. Bh3 Bxh3 21. Rxh3 exf4 22. Qxf4 {1/2-1/2 (61) Saric,I (2667)-Keymer,
V (2506) Douglas 2019}) 16. Bf1 (16. O-O-O $14) 16... f5 17. Bc4+ Kh8 18. f3
fxe4 19. fxe4 Nb6 {...Nxa4 is the strong threat.} 20. Nxb6 (20. Qa5 $5 {
[%cal Ra5b6]} Bd8 21. Qxb6 Qxb6 22. Nxb6 Bxb6 23. O-O-O $14) 20... Qxb6 21.
O-O-O Bg4 22. Rde1 Rf2 23. Qe3 Qxe3+ 24. Rxe3 Bh5 25. Bc3 h6 26. Kb2 hxg5 27.
hxg5 {[%cal Rh1h5]} g6 28. Be1 Rff8 29. Be2 Kg7 30. Bxh5 gxh5 31. Rxh5 Rh8 $1 {
[%cal Rh8h5] [#]} 32. Rxh8 Rxh8 $16 {[%mdl 4096] Endgame KRB-KRB} 33. b4 (33.
Rc3 $5 {[%cal Rc3c6]} Rh1 34. Bf2 $14) 33... Bxg5 34. Rc3 (34. Rd3 {is
interesting.} Be7 35. Ra3 Ra8 36. c4 Kf7 37. Kb3) 34... Rh1 35. Bf2 d5 36. exd5
cxd5 37. a4 d4 38. Rc7+ Kg6 39. b5 axb5 40. axb5 Kf5 41. b6 {aiming for b7.}
Rh6 42. b7 Rb6+ 43. Ka3 {White wants to play Be1.} Rb1 {[%mdl 8192] [#]} (43...
Bd2 $11) 44. Be1 $1 $18 {[%mdl 512] White is clearly winning.} Bd8 45. Rd7 Ke6
46. Bb4 {Weighted Error Value: White=0.08/Black=0.08} 1-0

[Event "Goldmoney Asian Rapid Prelims 2021"]
[Site "Chess24"]
[Date "2021.06.24"]
[Round "15.2"]
[White "Svidler, Peter"]
[Black "Hou, Yifan"]
[Result "1-0"]
[WhiteElo "2714"]
[BlackElo "2658"]
[Annotator "TA"]
[PlyCount "73"]
[EventDate "2021.06.26"]
[EventType "tourn"]
[EventCountry "NET"]
[Tiebreak "Koya+Number of black wins+Number of wins"]
[SourceTitle "playchess.com"]
[Source "ChessBase"]
[SourceQuality "1"]

{[%evp 9,73,19,27,0,-1,-9,12,-17,42,43,51,53,56,54,72,62,55,62,347,347,347,346,
345,337,313,296,293,144,283,248,771,746,684,341,364,335,336,341,476,371,581,
470,483,483,506,487,506,0,0,0,499,483,608,600,570,562,948,948,29987,29988,
29988,29989,29989,29989,29989,29990]} 1. e4 c5 2. Nf3 d6 3. d4 cxd4 4. Nxd4 Nf6
5. Nc3 a6 6. b3 {B90: Sicilian Najdorf: Unusual White 6th moves, 6 Be3 Ng4 and
6 Be3 e5.} e6 7. Bb2 Be7 8. Qd2 $5 {[%mdl 4] The position is equal. Leaves
trodden paths.} Qc7 (8... O-O $11) 9. O-O-O {[#]} b5 $146 ({Predecessor:} 9...
Nc6 10. f3 Nxd4 11. Qxd4 b5 12. Kb1 Bb7 13. g4 h6 14. a4 bxa4 15. Nxa4 d5 {
1-0 (54) Schmitt,C (1988)-Loehr,H (1730) Idstein 2009}) 10. Bxb5+ axb5 11.
Ndxb5 Qb6 12. Nxd6+ Bxd6 13. Qxd6 Nc6 $2 {[%mdl 8192] [#]} ({Better is} 13...
Qxd6 $14 14. Rxd6 Bb7) 14. Nd5 $1 $18 {[%mdl 512]} exd5 15. exd5 Nxd5 16. Rhe1+
(16. Bxg7 Rg8 $16) 16... Be6 17. Rxd5 Qb7 18. Rc5 (18. Bxg7 $18 {is the
precise move to win.} Rg8 19. Bf6) 18... Ra6 (18... Rc8 $16 {might work better.
}) 19. Rd1 Qa8 (19... Qd7 20. Qg3 (20. Bxg7 Qxd6 21. Rxd6 Rg8 $18) 20... Qa7)
20. Bxg7 {White threatens Bf6 and mate.} Ne7 21. Qd4 (21. Qe5 $142 Rg8 22. Bf6)
21... Rg8 22. Bf6 Nd5 23. a4 Nxf6 24. Qxf6 {aiming for Rc7.} Bxb3 (24... Qb8
$142 25. f4 Rb6) 25. Rd6 Rxd6 26. Qxd6 Be6 27. Rb5 $1 {[%cal Rb5b8] Hoping for
Rb8+.} ({Inferior is} 27. Rc7 Qd8 $15) 27... Qd8 {[#]} 28. Rb8 $2 $40 {[%mdl
128] White mounts an attack.} (28. Qe5 $1 $18) 28... Bc8 $11 29. Qe5+ Kf8 $2 {
[%mdl 8192] [#]} (29... Kd7 $1 $11 {and Black has nothing to worry.}) 30. a5 $1
$18 {[%cal Ra5a6] Strongly threatening a6!} Rxg2 {Black hopes to continue with
...Rg5.} 31. Qc5+ Kg7 32. Rxc8 Rg1+ 33. Kb2 Qd1 34. Qf8+ {White mates.} Kg6 35.
Rc6+ Kg5 36. Qg7+ Kf5 37. Qxf7+ {Weighted Error Value: White=0.46/Black=0.84}
1-0

[Event "Goldmoney Asian Rapid Prelims 2021"]
[Site "Chess24"]
[Date "2021.06.24"]
[Round "15.3"]
[White "Salem, A.R. Saleh"]
[Black "Firouzja, Alireza"]
[Result "0-1"]
[WhiteElo "2682"]
[BlackElo "2759"]
[Annotator "TA"]
[PlyCount "118"]
[EventDate "2021.06.26"]
[EventType "tourn"]
[EventCountry "NET"]
[Tiebreak "Koya+Number of black wins+Number of wins"]
[SourceTitle "playchess.com"]
[Source "ChessBase"]
[SourceQuality "1"]

{[%evp 10,118,13,16,16,-27,-31,-21,-18,-43,-35,-48,-49,-50,-41,-48,-42,-47,-35,
-78,-70,-68,-42,-42,-14,-12,-17,-12,-19,-21,0,-47,-47,-35,-45,-40,-42,-93,-93,
-101,-70,-81,-86,-114,-102,-109,-110,-116,-109,-108,-117,-107,-111,-109,-72,
-110,-8,-6,42,41,41,26,52,-45,0,-14,58,0,0,-136,-156,-145,-41,-210,-210,-216,
-203,-272,-216,-239,-226,-274,-299,-589,-581,-564,-576,-922,-699,-680,-680,
-614,-566,-798,-796,-767,-706,-758,-610,-784,-767,-804,-789,-5097,-5185,-2378,
-1545,-5700,-4814,-29990,-29991]} 1. d4 Nf6 2. Nf3 g6 3. g3 Bg7 4. Bg2 O-O 5.
O-O d6 6. c4 Ne4 {E60: King's Indian: Unusual lines and Fianchetto Variation
without Nc3.} 7. Nc3 (7. Be3 {with more complications.} c5 8. Nbd2 cxd4 9. Nxd4
Nf6 10. Qb3) 7... Nxc3 8. bxc3 Nc6 {The position is equal.} 9. e4 Na5 {[#]} 10.
h4 $146 ({Predecessor:} 10. Qe2 c5 11. Be3 b6 12. Nd2 e5 13. Qd3 Ba6 14. f4
cxd4 15. cxd4 Rc8 16. Rac1 {1-0 (34) Brumen,D (2338)-Curic,D (2223) Mali
Losinj 2017}) 10... c5 11. h5 cxd4 12. cxd4 Bg4 13. h6 Bh8 14. Qd3 Rc8 15. Rb1
Bxf3 16. Bxf3 b6 17. Be3 Nxc4 18. Bg5 Qd7 19. Rfc1 Na5 {[%cal Bc4a5,Ba5b7,
Bb7c5][%mdl 32]} 20. d5 Nb7 21. Qd1 Rxc1 22. Rxc1 Nc5 23. a4 (23. Be3 $15)
23... Bf6 $17 24. Be3 Nxa4 25. Bg4 Qb5 26. Be2 Qe8 27. Rc7 {[#]} Qb8 $1 28. Qc2
Nc5 $1 29. Rc6 Qb7 30. g4 Qd7 31. g5 Be5 32. Kg2 e6 (32... Bh8 $17) 33. Bg4 $1
$11 Qb7 34. f4 exd5 35. exd5 Bh8 36. Bf2 (36. Rxd6 $14 Qe7 37. Bxc5 bxc5 38.
Rd7 (38. Qxc5 Qe4+ {[%mdl 64] Double Attack} 39. Kg3 Bd4 $11)) 36... Qe7 37.
Qe2 Qb7 (37... Qxe2 $11 38. Bxe2 Rd8) 38. Rxd6 (38. Bg3 $1 $14) 38... Qc7 $36 {
[%mdl 2048] Black is more active.} 39. Rc6 (39. Bxc5 $11 bxc5 40. Rd7 Qxf4 41.
Rxf7 Qxg5 42. Qe6 Rxf7 43. Qe8+ Rf8 44. Qe6+ Rf7 45. Qe8+ Rf8 46. Qe6+ Rf7)
39... Qxf4 $17 40. Be3 {[#]} Qe5 (40... Nd3 $1 $17 {[%mdl 512] Threatens to
win with ...Qa4.} 41. Bxf4 Nxf4+ 42. Kf2 Bd4+ 43. Kg3 Nxe2+ 44. Bxe2 Be5+ 45.
Kf3 Rd8) 41. Qf3 $2 {This costs White the game.} (41. d6 $1 $15) 41... Ne4 $19
42. Bf4 Qxd5 43. Rc2 Qd4 44. Be3 Qe5 45. Bf4 Nxg5 46. Qf2 (46. Bxe5 {only move.
} Nxf3 47. Bg3) 46... Qe4+ 47. Kg3 Be5 48. Re2 Bxf4+ 49. Qxf4 Qxf4+ 50. Kxf4
Ne6+ 51. Bxe6 fxe6+ {[%mdl 4096] Endgame KR-KR} 52. Ke5 Kf7 53. Rc2 Re8 54.
Rc7+ Re7 55. Rc8 g5 56. Rh8 Kg6 57. Rg8+ Kxh6 58. Kf6 Rc7 59. Rg6+ hxg6 {
Weighted Error Value: White=0.52/Black=0.27} 0-1

[Event "Goldmoney Asian Rapid Prelims 2021"]
[Site "Chess24"]
[Date "2021.06.24"]
[Round "15.4"]
[White "Carlsen, Magnus"]
[Black "Vidit, Santosh Gujrathi"]
[Result "1-0"]
[WhiteElo "2847"]
[BlackElo "2726"]
[Annotator "TA"]
[PlyCount "131"]
[EventDate "2021.06.26"]
[EventType "tourn"]
[EventCountry "NET"]
[Tiebreak "Koya+Number of black wins+Number of wins"]
[SourceTitle "playchess.com"]
[Source "ChessBase"]
[SourceQuality "1"]

{[%evp 11,131,35,38,39,41,-16,33,44,39,39,39,37,51,27,39,33,17,9,22,16,16,17,
19,14,16,15,15,15,15,14,14,7,8,8,14,6,70,69,72,67,67,68,86,77,106,93,93,93,93,
93,93,93,93,89,112,106,111,114,112,120,137,124,172,172,172,172,155,137,133,133,
231,227,448,448,431,447,366,60,51,16,18,23,131,148,1566,1042,6699,6075,29957,
29962,29957,29961,29961,29964,29958,29962,10533,4587,29975,29976,29976,29977,
29977,29978,29978,29979,29979,29980,29982,29983,29983,29984,29984,29985,29985,
29986,29986,29987,29987,29988,29988,29988]} 1. d4 Nf6 2. c4 e6 3. Nf3 d5 4. Nc3
c5 5. cxd5 cxd4 6. Qxd4 exd5 7. e4 {[%cal Re4d5] D41: Queen's Gambit Declined:
Semi-Tarrasch with 5 cxd5.} dxe4 8. Qxd8+ Kxd8 9. Ng5 {White is slightly
better.} Be6 10. Nxe6+ fxe6 11. Bg5 Nc6 {11...Nc6 is the recent fashion.} 12.
O-O-O+ Ke8 13. Bb5 Rc8 14. Kb1 Bb4 15. Bxf6 gxf6 16. Nxe4 f5 17. Ng5 Ke7 $1 18.
a3 $36 {[%mdl 2048] White has good play.} Ba5 19. f4 h6 20. Nf3 Rhd8 21. Rxd8
Nxd8 22. Rd1 Rc7 23. Ne5 {[#]} Nf7 $146 (23... a6 $11 24. Be2 Nc6) ({
Predecessor:} 23... a6 24. Be2 Bb6 25. Ng6+ Ke8 26. Bh5 Nc6 27. g4 fxg4 28. Rd6
Kf7 29. f5 Kf6 30. fxe6 {1/2-1/2 (56) Carlsen,M (2862)-Tari,A (2625) Wijk aan
Zee 2021}) 24. Nc4 $1 $14 {[%cal Rc4a5]} Bb6 25. Nxb6 axb6 $16 {[%mdl 4096]
Endgame KRB-KRN} 26. Be2 Nd6 27. Rd3 Rc8 28. Rb3 Rg8 29. g3 h5 30. Rxb6 h4 31.
Rb3 ({Much worse is} 31. gxh4 Rg2 $14) 31... hxg3 32. hxg3 ({Don't play} 32.
Rxg3 $6 Rh8 $11) 32... Kd7 33. Kc2 Kc7 34. Rc3+ Kb6 35. Re3 Kc7 36. Bd3 Kd7 37.
Kc3 Rh8 38. a4 Rc8+ 39. Kd4 b6 40. b4 Ra8 (40... Rc1 $16 41. a5 bxa5) 41. Bc2
$18 Rc8 $2 (41... Nf7 42. Bb3 Nd8) 42. Bb3 Ne4 43. Ke5 Rc6 44. Rd3+ (44. Re2
$18) 44... Ke7 $14 45. Kd4 (45. Rd1 {looks sharper.} Nxg3 46. Rg1 Rc3 47. Bxe6
Re3+ 48. Kd5) 45... Rd6+ 46. Ke3 {[#] Threatens to win with Rxd6.} Rxd3+ (46...
Nxg3 $11 47. Bd1 Ne4) 47. Kxd3 $16 {And now Kd4 would win.} Nxg3 $2 $11 {
[%mdl 8192] KB-KN. Black cannot hold the game after this.} (47... Kd6 $16) 48.
a5 $18 bxa5 49. bxa5 {[%cal Bb4a5,Ba5a6][%mdl 32]} Kd6 50. a6 Kc7 51. Bxe6 Kb6
{[#]} 52. Bc4 $1 Nh5 53. Ke3 Ka7 54. Be2 Ng3 55. Bf3 {White mates.} Nf1+ 56.
Ke2 Nh2 57. Bh5 Kxa6 58. Kf2 ({Worse is} 58. Bg6 Ng4 $11) 58... Kb6 59. Kg2 Ng4
60. Bxg4 fxg4 {KP-KP} 61. Kg3 Kc7 62. Kxg4 Kd6 63. Kf5 Ke7 64. Kg6 Kf8 65. Kf6
Kg8 66. Ke7 {Weighted Error Value: White=0.09/Black=0.35} 1-0

[Event "Goldmoney Asian Rapid Prelims 2021"]
[Site "Chess24"]
[Date "2021.06.24"]
[Round "15.5"]
[White "Giri, Anish"]
[Black "Erigaisi Arjun"]
[Result "1/2-1/2"]
[WhiteElo "2780"]
[BlackElo "2567"]
[Annotator "TA"]
[PlyCount "80"]
[EventDate "2021.06.26"]
[EventType "tourn"]
[EventCountry "NET"]
[Tiebreak "Koya+Number of black wins+Number of wins"]
[SourceTitle "playchess.com"]
[Source "ChessBase"]
[SourceQuality "1"]

{[%evp 13,80,1,3,0,8,0,23,15,19,1,32,19,7,14,14,14,18,18,12,7,14,11,13,8,11,11,
12,6,14,6,18,0,0,1,12,8,8,0,14,0,0,0,0,0,0,0,0,0,0,0,0,0,0,0,0,0,0,0,0,0,0,0,0,
0,0,0,0,0,0]} 1. e4 e5 2. Nf3 Nf6 3. Nxe5 d6 4. Nf3 Nxe4 5. Nc3 Nxc3 6. dxc3
Be7 7. Be3 $1 {The main line 7.Be3 scores better than 7.Bf4.} O-O 8. Qd2 {
C42: Petroff Defence: 3 Nxe5 and unusual White 3rd moves.} Nd7 9. O-O-O c6 10.
Kb1 {White has an edge.} d5 11. h4 Re8 12. Bd3 Bc5 {The position is equal.} 13.
Bd4 Bxd4 14. cxd4 Nf6 15. Rde1 Ne4 16. Qf4 {[%cal Rd3e4]} Qf6 17. Qxf6 Nxf6 18.
Kc1 Ne4 {[#]} 19. Nd2 $146 {[%cal Rd3e4]} ({Predecessor:} 19. Bxe4 dxe4 20. Ne5
Bf5 21. Nc4 Rad8 {1/2-1/2 (21) Dolin,B (2417)-Popov,E (2365) ICCF email 2017})
19... Nd6 20. Rxe8+ Nxe8 21. Re1 {[%cal Re1e8] [#]} Be6 22. c3 Nd6 23. g3 h6
24. Nf1 Re8 25. Kd2 Kf8 26. a3 Bf5 {[#] Hoping for ...Rxe1.} 27. Rxe8+ Kxe8 28.
Bxf5 Nxf5 29. Ne3 Nxe3 30. Kxe3 $11 {[%mdl 4096] Endgame KP-KP} g5 31. hxg5
hxg5 32. f4 f6 33. fxg5 fxg5 34. b4 b5 35. g4 Ke7 36. Kf3 Kf6 37. Ke3 Ke6 38.
Kf3 Kf6 39. Ke3 Ke6 40. Kf3 Kf6 {A rather calm draw.  Weighted Error Value:
White=0.03/Black=0.03} 1/2-1/2

[Event "Goldmoney Asian Rapid Prelims 2021"]
[Site "Chess24"]
[Date "2021.06.24"]
[Round "15.7"]
[White "Dubov, Daniil"]
[Black "Ding, Liren"]
[Result "1/2-1/2"]
[WhiteElo "2714"]
[BlackElo "2799"]
[Annotator "TA"]
[PlyCount "56"]
[EventDate "2021.06.26"]
[EventType "tourn"]
[EventCountry "NET"]
[Tiebreak "Koya+Number of black wins+Number of wins"]
[SourceTitle "playchess.com"]
[Source "ChessBase"]
[SourceQuality "1"]

{[%evp 9,56,0,0,-7,13,8,8,13,8,14,5,6,7,10,4,9,6,0,10,0,13,12,20,4,11,12,16,12,
12,0,0,0,0,0,0,0,0,0,0,0,0,0,0,0,0,0,0,0,13]} 1. e4 e5 2. Nf3 Nc6 3. Nc3 Nf6 4.
a3 d5 5. exd5 Nxd5 {The position is equal.} 6. Nxe5 {C47: Scotch Four Knights
and Four Knights with 4 g3.} Nxc3 (6... Nxe5 $5 7. Qe2 $8 f6 $11) 7. Nxc6 Nxd1
8. Nxd8 Nxf2 $1 9. Kxf2 {[#]} Kxd8 $146 ({Predecessor:} 9... Bc5+ 10. Kf3 Kxd8
11. c3 Be6 12. d4 Bd6 13. Bd3 Bd5+ 14. Be4 Bxe4+ 15. Kxe4 Kd7 {1/2-1/2 (48)
Lintchevski,D (2555)-Artemiev,V (2708) Chess.com INT 2020}) 10. d4 Bf5 11. Bf4
Bd6 12. Bxd6 cxd6 13. c3 Re8 14. Be2 Rc8 15. Rhe1 Rc7 16. Bb5 {[%csl Gb5][%cal
Re1e8] [#]} (16. Bf3 {feels hotter.} Rce7 17. Rxe7 Rxe7 18. Re1 Rxe1 19. Kxe1
b6 20. Kd2) 16... Rxe1 (16... Re4 {keeps more tension.} 17. g3 Rce7 18. Bf1
Rxe1 19. Rxe1 Rxe1 20. Kxe1 d5) 17. Rxe1 {[%csl Gb5][%cal Re1e8]} Re7 18. Rxe7
(18. Re3 {looks sharper.} Be4 19. Bd3 Bxd3 20. Rxd3 Kd7 21. a4) 18... Kxe7 $11
{[%mdl 4096] Endgame KB-KB} 19. Ke3 d5 20. Be2 g5 21. g3 h6 22. Bf3 Kd6 23. Bh5
f6 24. Bf3 b6 25. Bg2 Bg6 26. Bf3 Bf5 27. Bg2 Bg6 28. Bf3 Bf5 {A rather calm
draw.  Weighted Error Value: White=0.03/Black=0.03} 1/2-1/2

[Event "Goldmoney Asian Rapid Prelims 2021"]
[Site "Chess24"]
[Date "2021.06.24"]
[Round "15.8"]
[White "Artemiev, Vladislav"]
[Black "Adhiban, B.."]
[Result "1-0"]
[WhiteElo "2704"]
[BlackElo "2660"]
[Annotator "TA"]
[PlyCount "75"]
[EventDate "2021.06.26"]
[EventType "tourn"]
[EventCountry "NET"]
[Tiebreak "Koya+Number of black wins+Number of wins"]
[SourceTitle "playchess.com"]
[Source "ChessBase"]
[SourceQuality "1"]

{[%evp 12,75,19,13,22,13,19,32,27,22,31,36,30,36,84,71,81,74,79,65,81,72,75,66,
86,67,76,60,87,83,147,108,106,108,124,115,145,145,145,145,146,139,177,158,160,
161,260,252,241,260,297,272,292,237,324,316,426,424,470,440,414,415,903,901,
839,771]} 1. Nf3 Nf6 2. g3 g6 3. Bg2 Bg7 4. d4 O-O 5. O-O d6 6. Nc3 Nbd7 7. a4
c6 {A49: 1 d4 Nf6 2 Nf3 g6 3 g3: Anti-King's Indian systems.} 8. a5 Qc7 9. Qd3
$5 {[%mdl 4] Exploring less charted territory.} e5 {White is slightly better.}
10. dxe5 Nxe5 11. Nxe5 dxe5 12. a6 {[#]} Bf5 $146 ({Predecessor:} 12... bxa6
13. Qc4 Bb7 14. Be3 c5 15. Qxc5 Qxc5 16. Bxc5 Bxg2 17. Bxf8 Bxf1 18. Bxg7 Kxg7
19. Kxf1 {1-0 (49) Pert,R (2414)-Anderson,J (2171) Southend 2017}) 13. e4 Be6 {
[#]} 14. axb7 $1 Qxb7 15. Rd1 h5 16. Be3 Nd7 17. b3 Rfc8 18. Qa6 Qc7 19. Qa5
Qb8 20. Na4 ({Of course not} 20. Bxa7 $6 Qb7 $11) 20... h4 ({Better is} 20...
Bf8) 21. Nc5 Nxc5 22. Bxc5 h3 23. Bf1 ({Avoid the trap} 23. Bxa7 $2 Qb7 $19)
23... Qc7 24. Qxc7 Rxc7 25. f3 Bf8 26. Ra5 Rcc8 27. Bxf8 Kxf8 28. Rxe5 Rd8 (
28... c5 $142 29. Ba6 Rc7) 29. Rxd8+ $18 Rxd8 {[%mdl 4096] Endgame KRB-KRB} 30.
Rc5 Rd6 31. Kf2 Ke7 32. Be2 Bc8 33. e5 Rd2 34. Ke3 Rd7 35. Rxc6 Bb7 36. Rc5 Ke6
(36... Kd8 $142 37. Ra5 Bd5) 37. Bc4+ Ke7 38. Bb5 {Weighted Error Value:
White=0.06/Black=0.31} 1-0